000 00576nam a2200181 4500
008 160521b xxu||||| |||| 00| 0 eng d
020 _a0072528125
082 _22003
_aDC 658.151
_bG19m
100 _99688
_aGarrison, Ray H.
245 _aManagerial accounting/
_cRay H.Garrison and Eric W. Noreen.
250 _a10th Edition
260 _aBoston:
_bMcGrawHill,
_cc2003.
300 _axxxvi, 838 pages:
_billustrations;
_c23 cm.
500 _aIncludes Appendix and index.
650 0 _99687
_aManagerial accounting
700 _99772
_aEric W. Noreen
_eAuthor
942 _2ddc
_cDC
999 _c2936
_d2936